• 首页
  • 本馆介绍
  • 公告通知
  • 最新文献
  • 馆藏检索
  • 电子资源
  • 读者导购
  • 参考咨询
  • 我的图书馆
  • 登录
  • 详细信息显示
  • 放入我的书架
  • 预约/预借图书
  • 作者相关作品
  • 分类相关作品
  • 丛书相关作品
  • 出版社相关作品

书目信息

  • 表格格式
  • 工作单格式
  • 卡片格式
题名:
有机结构分析
    
 
作者: 陈德恒 编
分册:  
出版信息: 北京   科学出版社  1985
页数: 213页
开本: 26cm
丛书名:
单 册:
中图分类: O621.13 , O621.15
科图分类:
主题词: 有机结构化学-结构分析 , 结构分析-有机结构化学 , 有机化学
电子资源:
ISBN:
000 00725nam0 2200277 45
001 0185010731
005 20040524152627.2
010    @b精装@dCNY4.30
091    @a13031.2825
100    @a19900816d1985 emky0chiy0121 ea
101 0  @achi
102    @aCN@b110000
105    @ay z 000yy
106    @ar
200 10 @a有机结构分析@Ayou ji jie gou fen xi@f陈德恒编
210    @a北京@c科学出版社@d1985
215    @a213页@c图表@d26cm
606    @a有机结构化学-结构分析
606    @a结构分析-有机结构化学
606 0  @a有机化学
690    @aO621.13@v3
690    @aO621.15
701  0 @a陈德恒@Achen de heng@4编
801  0 @aCN@b深圳图书馆@c20040524
801  2 @aCN@bNLC@c20040524
905    @f1@b139617@dO621.15@e22
    
    有机结构分析/陈德恒编.-北京:科学出版社,1985
    213页:图表;26cm
    
    
    ISBN (精装):CNY4.30
    
●
相关链接 在E读中查询图书 在五车中查询图书 在当当中查询图书 在豆瓣中查询图书


正题名:有机结构分析     索取号:O621.15/22         预约/预借

序号 登录号 条形码 馆藏地/架位号 状态 备注
1 0139617   000700192   第三借阅区/ [索取号:O621.15/22] 在馆    
2 0139618   000700183   第二样本阅览室/ [索取号:O621.15/22] 在馆    
唐山师范学院图书馆 欢迎您!
大连网信软件有限公司© 版权所有